<?xml version="1.0" encoding="UTF-8"?>
<record
    xmlns:xsi="http://www.w3.org/2001/XMLSchema-instance"
    xsi:schemaLocation="http://www.loc.gov/MARC21/slim http://www.loc.gov/standards/marcxml/schema/MARC21slim.xsd"
    xmlns="http://www.loc.gov/MARC21/slim">

  <leader>04578cam a2200433 i 4500</leader>
  <datafield tag="999" ind1=" " ind2=" ">
    <subfield code="c">8004</subfield>
    <subfield code="d">8004</subfield>
  </datafield>
  <controlfield tag="001">991060546763106706</controlfield>
  <controlfield tag="003">OSt</controlfield>
  <controlfield tag="005">20241218134737.0</controlfield>
  <controlfield tag="008">220525e202204  spca   ||     000 0 spa c</controlfield>
  <datafield tag="015" ind1=" " ind2=" ">
    <subfield code="a">LL2023</subfield>
    <subfield code="2">bnc</subfield>
  </datafield>
  <datafield tag="017" ind1=" " ind2=" ">
    <subfield code="a">DL B 8590-2022</subfield>
    <subfield code="b">Biblioteca de Catalunya</subfield>
  </datafield>
  <datafield tag="020" ind1=" " ind2=" ">
    <subfield code="a">9788419333094</subfield>
    <subfield code="q">(UAB)</subfield>
  </datafield>
  <datafield tag="020" ind1=" " ind2=" ">
    <subfield code="z">9788419333100</subfield>
    <subfield code="q">(UAB :</subfield>
    <subfield code="q">ebook)</subfield>
  </datafield>
  <datafield tag="020" ind1=" " ind2=" ">
    <subfield code="a">9788418951497</subfield>
    <subfield code="q">(UJI)</subfield>
  </datafield>
  <datafield tag="020" ind1=" " ind2=" ">
    <subfield code="z">9788418951497</subfield>
    <subfield code="q">(UJI :</subfield>
    <subfield code="q">ebook)</subfield>
  </datafield>
  <datafield tag="020" ind1=" " ind2=" ">
    <subfield code="a">9788491349457</subfield>
    <subfield code="q">(UV)</subfield>
  </datafield>
  <datafield tag="020" ind1=" " ind2=" ">
    <subfield code="z">9788491349464</subfield>
    <subfield code="q">(UV :</subfield>
    <subfield code="q">ebook)</subfield>
  </datafield>
  <datafield tag="040" ind1=" " ind2=" ">
    <subfield code="a">ES-BaUAB</subfield>
    <subfield code="b">cat</subfield>
    <subfield code="e">rda</subfield>
    <subfield code="c">CDMR</subfield>
  </datafield>
  <datafield tag="080" ind1=" " ind2=" ">
    <subfield code="a">316.77</subfield>
    <subfield code="x">(091)</subfield>
    <subfield code="2">2004</subfield>
  </datafield>
  <datafield tag="080" ind1=" " ind2=" ">
    <subfield code="a">316.77:316.4</subfield>
    <subfield code="2">2004</subfield>
  </datafield>
  <datafield tag="080" ind1=" " ind2=" ">
    <subfield code="a">659.3</subfield>
    <subfield code="x">(091)</subfield>
    <subfield code="2">2004</subfield>
  </datafield>
  <datafield tag="080" ind1=" " ind2=" ">
    <subfield code="a">004.738.5:316.77</subfield>
    <subfield code="2">2004</subfield>
  </datafield>
  <datafield tag="100" ind1="1" ind2=" ">
    <subfield code="a">Moragas Sp&#xE0;, Miquel de</subfield>
    <subfield code="9">475</subfield>
  </datafield>
  <datafield tag="245" ind1="1" ind2="3">
    <subfield code="a">La Comunicaci&#xF3;n y sus cambios :</subfield>
    <subfield code="b">de los or&#xED;genes al m&#xF3;vil /</subfield>
    <subfield code="c">Miquel de Moragas Sp&#xE0;</subfield>
  </datafield>
  <datafield tag="264" ind1=" " ind2="1">
    <subfield code="a">Bellaterra :</subfield>
    <subfield code="b">Universitat Aut&#xF2;noma de Barcelona, Servei de Publicacions ;</subfield>
    <subfield code="a">Castell&#xF3; de la Plana :</subfield>
    <subfield code="b">Publicacions de la Universitat Jaume I ;</subfield>
    <subfield code="a">Barcelona :</subfield>
    <subfield code="b">Universitat Pompeu Fabra ;</subfield>
    <subfield code="a">Val&#xE8;ncia :</subfield>
    <subfield code="b">Publicacions de la Universitat de Val&#xE8;ncia,</subfield>
    <subfield code="c">2022</subfield>
  </datafield>
  <datafield tag="300" ind1=" " ind2=" ">
    <subfield code="a">206 p&#xE0;gines :</subfield>
    <subfield code="b">il&#xB7;lustracions en blanc i negre ;</subfield>
    <subfield code="c">24 cm</subfield>
  </datafield>
  <datafield tag="490" ind1="1" ind2=" ">
    <subfield code="a">Aldea global ;</subfield>
    <subfield code="v">44</subfield>
  </datafield>
  <datafield tag="500" ind1=" " ind2=" ">
    <subfield code="a">Cont&#xE9;: 0. Introducci&#xF3;n. Este libro y sus lectores -- 1. Cambios en la comunicaci&#xF3;n. Tipolog&#xED;a y aceleraci&#xF3;n -- 1.1. Aceleraci&#xF3;n y tipolog&#xED;a de los cambios -- 1.2. Cambios disruptivos que afectan al sistema social -- 1.3. Cambios evolutivos, reorganizaci&#xF3;n del sistema -- 1.4. Cambios de sustituci&#xF3;n y cambios de complementariedad -- 1.5. Cambios pragm&#xE1;ticos. &#xBF;Hacer las mismas cosas de otra manera? -- 2. Los antecedentes remotos. De las primeras escrituras a la imprenta -- 2.1. Cambios en la antig&#xFC;edad. De la escritura cuneiforme al pergamino -- 2.2. La comunicaci&#xF3;n y la escritura en el medievo -- 2.3. La imprenta de Gutenberg. Reproductibilidad y difusi&#xF3;n de ideas -- 3. De la prensa artesanal a la prensa de masas -- 3.1. Antecedentes de la prensa de masas. De los legajos a la informaci&#xF3;n peri&#xF3;dica -- 3.2. Innovaciones t&#xE9;cnicas y nuevos formatos de la prensa -- 3.3. Las im&#xE1;genes en diarios y revistas. De la xilograf&#xED;a al fotorreportaje -- 3.4. Evoluci&#xF3;n de la publicidad y los anuncios en la prensa -- 3.5. La aparici&#xF3;n del quiosco -- 3.6. La prensa, producto industrial y medio ideol&#xF3;gico -- 4. Se&#xF1;ales, luz y sonido. Inventos del siglo xix -- 4.1. El tel&#xE9;grafo. Inicio de las telecomunicaciones -- 4.2. El tel&#xE9;fono. Sistema interactivo de voz -- 4.3. Las primeras reproducciones del sonido. Fon&#xF3;grafo, gram&#xF3;fono y radio sin hilos -- 4.4. La fotograf&#xED;a. De experimento fotoqu&#xED;mico a medio social -- 4.5. El cinemat&#xF3;grafo y los or&#xED;genes del cine -- 5. Nuevos medios y cultura de masas en el siglo xx -- 5.1. El cine. Arte y espect&#xE1;culo popular -- 5.2. La radio como medio de comunicaci&#xF3;n de masas -- 5.3. Los or&#xED;genes de la televisi&#xF3;n (1920&#x2013;1950) -- 5.4. El sistema de medios en la segunda mitad del siglo xx -- 5.5. La publicidad. Del cartel al anuncio televisivo -- 6. La telem&#xE1;tica. La etapa preinternet (1980&#x2013;1996) -- 6.1. La electr&#xF3;nica de consumo y los nuevos equipos de comunicaci&#xF3;n -- 6.2. Ofim&#xE1;tica avanzada. Fotocopia, fax y fin de la m&#xE1;quina de escribir -- 6.3. Inicios de la telem&#xE1;tica. El teletexto y el videotexto -- 6.4. El tel&#xE9;fono antes de ser inteligente -- 6.5. Las telecomunicaciones y los nuevos espacios de comunicaci&#xF3;n -- 7. La irrupci&#xF3;n de internet (1969&#x2013;1996) -- 7.1. Los antecedentes. De Arpanet a la World Wide Web -- 7.2. Internet y nuevos medios -- 8. Los medios en el siglo xxi -- 8.1. La renovaci&#xF3;n digital de los equipos de comunicaci&#xF3;n -- 8.2. Adaptaci&#xF3;n de losmedios a la era de internet -- 9. La nueva esfera internet. Plataformas y redes -- 9.1. Etapas en la evoluci&#xF3;n de internet. Hitos m&#xE1;s relevantes -- 9.2. Las componentes de la esfera internet -- 9.3. La publicidad en la esfera internet, del anuncio al clic -- 9.4. Nuevos lenguajes en los medios digitales -- 9.5. La vigencia de las pol&#xED;ticas de comunicaci&#xF3;n -- 10. La pandemia de 2020&#x2013;2021. Primeros efectos sobre la comunicaci&#xF3;n</subfield>
  </datafield>
  <datafield tag="504" ind1=" " ind2=" ">
    <subfield code="a">Bibliografia: p&#xE0;gines 193-206</subfield>
  </datafield>
  <datafield tag="650" ind1=" " ind2="7">
    <subfield code="a">Comunicaci&#xF3;</subfield>
    <subfield code="x">Hist&#xF2;ria.</subfield>
    <subfield code="2">lemac</subfield>
  </datafield>
  <datafield tag="650" ind1=" " ind2="7">
    <subfield code="a">Comunicaci&#xF3;</subfield>
    <subfield code="x">Aspectes socials.</subfield>
    <subfield code="2">lemac</subfield>
  </datafield>
  <datafield tag="650" ind1=" " ind2="7">
    <subfield code="a">Mitjans de comunicaci&#xF3; de massa</subfield>
    <subfield code="x">Hist&#xF2;ria.</subfield>
    <subfield code="2">lemac</subfield>
  </datafield>
  <datafield tag="650" ind1=" " ind2="7">
    <subfield code="a">Internet</subfield>
    <subfield code="x">Aspectes socials .</subfield>
    <subfield code="2">lemac</subfield>
  </datafield>
  <datafield tag="650" ind1=" " ind2="7">
    <subfield code="a">Xarxes socials en l&#xED;nia</subfield>
    <subfield code="2">lemac</subfield>
  </datafield>
  <datafield tag="830" ind1=" " ind2="0">
    <subfield code="a">Aldea global ;</subfield>
    <subfield code="v">44</subfield>
  </datafield>
  <datafield tag="908" ind1=" " ind2=" ">
    <subfield code="a">UAB</subfield>
    <subfield code="a">UPF</subfield>
    <subfield code="a">UOC</subfield>
    <subfield code="a">UVic-UCC</subfield>
    <subfield code="a">BC</subfield>
    <subfield code="a">UdL</subfield>
  </datafield>
  <datafield tag="940" ind1=" " ind2=" ">
    <subfield code="a">UAB</subfield>
  </datafield>
  <datafield tag="942" ind1=" " ind2=" ">
    <subfield code="2">udc</subfield>
    <subfield code="c">MON</subfield>
  </datafield>
  <datafield tag="952" ind1=" " ind2=" ">
    <subfield code="0">0</subfield>
    <subfield code="1">0</subfield>
    <subfield code="4">0</subfield>
    <subfield code="7">0</subfield>
    <subfield code="a">CDMR</subfield>
    <subfield code="b">CDMR</subfield>
    <subfield code="d">2024-12-18</subfield>
    <subfield code="e">Donaci&#xF3;</subfield>
    <subfield code="g">19.00</subfield>
    <subfield code="l">1</subfield>
    <subfield code="m">1</subfield>
    <subfield code="o">Cu /17</subfield>
    <subfield code="p">CDMR22070010</subfield>
    <subfield code="r">2026-01-05</subfield>
    <subfield code="s">2025-10-08</subfield>
    <subfield code="w">2024-12-18</subfield>
    <subfield code="y">MON</subfield>
  </datafield>
</record>
